Král závisti /

Měl všechno, co si mohl přát... kromě ní. Žhavá romance ve stylu kráska a zvíře od autorky bestsellerové série Twisted.

Uloženo v:
Série:Králové hříchu, část 5
Hlavní autor: Huang, Ana (Autor)
Další autoři: Michalcová, Jana, 1987- (Autor)
Médium: Kniha
Jazyk:Czech
Vydáno: V Praze : Baronet, 2026
Vydání:1. vydání
Témata:
Celkem bylo vypůjčeno:1x
Příbuzné jednotky:Z cyklu:: Králové hříchu
Tagy:
Žádné tagy
LEADER 02736cam a2200469 i 4500
001 106487
003 CZ PrNK
005 20260604153536.0
007 ta
008 260515s2026 xr e 000 f cze d
015 |a cnb003758366 
020 |a 9788026928867  |q (vázáno) 
040 |a ABG001  |b cze  |d BOG001  |d ABG001  |e rda 
041 1 |a cze  |h eng 
072 7 |a 821.111(73)-3  |x Americká próza  |2 Konspekt  |9 25 
080 |a 821.111(73)-31  |2 MRF 
080 |a (0:82-993)  |2 MRF 
080 |a (0:82-312.5)  |2 MRF 
100 1 |a Huang, Ana  |7 xx0274388  |4 aut  |9 113966 
240 1 0 |a King of envy.  |l Česky 
245 1 0 |a Král závisti /  |c Ana Huang ; z anglického originálu King of envy ... přeložila Jana Michalcová 
250 |a 1. vydání 
264 1 |a V Praze :  |b Baronet,  |c 2026 
300 |a 572 stran ;  |c 21 cm 
336 |a text  |b txt  |2 rdacontent 
337 |a bez média  |b n  |2 rdamedia 
338 |a svazek  |b nc  |2 rdacarrier 
500 |a Na hřbetu číslo svazku v sérii: 5 
520 2 |a Měl všechno, co si mohl přát... kromě ní. Žhavá romance ve stylu kráska a zvíře od autorky bestsellerové série Twisted.  |b Vuk Markovič se vyhýbá kontaktu s lidmi. Zjizvený miliardář nemá zájem o navazování nových vztahů mimo svůj malý, ale důvěryhodný okruh známých. Jediná výjimka? Ona. Kráska k jeho zvířeti, předmět jeho posedlosti. Ale teď je zasnoubená s jeho přítelem... V očích veřejnosti vede supermodelka Ayana Kidaneová dokonalý život. Její kariéra raketově stoupá a je zasnoubená s jedním z nejžádanějších svobodných mužů v New Yorku. Lidé však nevědí, že zasnoubení je jen obchodní dohoda. On získá své dědictví; ona zase peníze, které potřebuje, aby se vyprostila ze spárů nekalých praktik modelingové agentury. Předstírat lásku by mělo být snadné - dokud se nezačne cítit stále více přitahována tajemným svědkem svého snoubence. Vuk ji vzrušuje a děsí zároveň. Ví, že by se od něj měla držet dál... Nakladatelská anotace. Kráceno. 
655 7 |a americké romány  |7 fd131796  |2 czenas  |9 53403 
655 7 |a erotické romány  |7 fd132211  |2 czenas  |9 53580 
655 7 |a milostné romány  |7 fd132840  |2 czenas  |9 53718 
655 9 |a American fiction  |2 eczenas 
655 9 |a erotic novels  |2 eczenas 
655 9 |a love novels  |2 eczenas 
700 1 |a Michalcová, Jana,  |d 1987-  |7 xx0240599  |4 trl  |9 114548 
710 2 |a Baronet (nakladatelství)  |7 xx0220126  |4 pbl  |9 117170 
787 0 8 |i Z cyklu:  |t Králové hříchu  |g 5 
910 |a UOG502 
942 |2 ddc  |c KN 
999 |d 106487 
993 |0 0  |1 421180107207  |2 ddc  |4 0  |7 0  |9 99931  |b 0  |c 107207  |d 2026-06-04  |e 1  |f DOSP  |h 499.00  |i Koupě  |l DOSP  |q 2026-07-17  |r 2026-06-05  |s 2026-06-05  |t 6  |w 2026-06-04  |y KN  |z BELET  |n